Sports Quiz

Random Sports or Football Quiz

England One Cap Wonders 1990-2010 Quiz Stats

 Plays Quiz not verified by Sporcle

Score 0/27 Timer 12:00
0 Plays Today
Debut Player % Correct
Mar 2007David Nugent
71.7%
Aug 2010Kieran Gibbs
65.1%
Feb 2002Michael Ricketts
63.8%
Aug 2010Jack Wilshere
55.4%
Nov 2000Seth Johnson
55.4%
Sep 2010Gary Cahill
55%
Aug 2010Bobby Zamora
54.7%
Feb 2003Francis Jeffers
53.2%
Mar 2004Alan Thompson
50.6%
Sep 2002David Dunn
42.9%
Feb 2007Joey Barton
40.1%
Nov 1997Chris Sutton
39.6%
Aug 2006Chris Kirkland
37.8%
Oct 1999Steve Guppy
37.5%
Debut Player % Correct
Sep 2002Lee Bowyer
36.9%
Jun 2008Dean Ashton
27.8%
Nov 1991Andy Gray
27.5%
Feb 2001Michael Ball
27.2%
Nov 1998Lee Hendrie
25.8%
Nov 1994Neil Ruddock
24.3%
Feb 2001Gavin McCann
23.1%
Mar 2004Anthony Gardner
22.5%
Jun 1995David Unsworth
22.4%
Sep 1992David White
21.4%
May 1994Kevin Richardson
19.4%
Jun 1991Mark Walters
18.8%
Jun 2008Stephen Warnock
18.1%

You're not logged in!

Compare scores with friends on all Sporcle quizzes.
OR
Log In

You Might Also Like...

Show Comments

Extras

Top Quizzes Today


Score Distribution

Your Account Isn't Verified!

In order to create a playlist on Sporcle, you need to verify the email address you used during registration. Go to your Sporcle Settings to finish the process.

Report this User

Report this user for behavior that violates our Community Guidelines.

Details: